00698nam a2200241 i 450000100060000000300090000600500170001500700030003200800410003502000180007608000230009408000190011710000320013624500330016826000370020130000220023849000250026050400320028560000340031765100470035183000250039885200330042314901ES-MaACL20250805062421.0t|991117s1999 sp ||||1| spa d a84-7880-790-X a929 Carlos (460) I a946.0"1516/56"0 aPérez, Joseph,d1931-202010aCarlos V / cJoseph Pérez. aMadrid : bTemas de Hoy, c1999. a268 p. ; c24 cm.1 aColección historia aBibliografía: p. 267-268.04aCarlos bI, cRey de España 4aEspaña-xHistoria-y1516-1556, Carlos I.0 aColección historia aES-MaACLjL-22152 bR.127568